The Man I Might Become: Gay Men Write About Their Fathers (Record no. 35971)

MARC details
000 -LEADER
fixed length control field 00460nam a2200181Ia 4500
020 ## - INTERNATIONAL STANDARD BOOK NUMBER
ISBN 1-56924-564-9
050 ## - CALL MARK
Classification number HQ76.3.U5 M335
100 ## - STATEMENT OF RESPONSIBILITY--MAIN AUTHOR NAME
Personal name Bruce Shenitz
245 #4 - TITLE STATEMENT
Title The Man I Might Become: Gay Men Write About Their Fathers
260 ## - PUBLICATION, DISTRIBUTION, ETC. (IMPRINT)
Place of publication New York
260 ## - PUBLICATION, DISTRIBUTION, ETC. (IMPRINT)
Name of publisher Marlowe & Company
260 ## - PUBLICATION, DISTRIBUTION, ETC. (IMPRINT)
Year of publication 2002
300 ## - PHYSICAL DESCRIPTION
Number of Pages 281 p
650 ## - SUBJECT ADDED ENTRY--TOPICAL TERM
Topical Term Family Relationships
942 ## - ADDED ENTRY ELEMENTS (KOHA)
Koha item type Books
Holdings
Withdrawn status Lost status Source of classification or shelving scheme Damaged status Not for loan Permanent Location Current Location Date acquired Accession Number Price effective from Koha item type
    Library of Congress Classification     NILE UNIVERSITY OF NIGERIA - MAIN LIBRARY NILE UNIVERSITY OF NIGERIA - MAIN LIBRARY 04/23/2025 0004384 04/23/2025 Books